[Event "Pinneberg-ch"]
[Site "Pinneberg"]
[Date "2017.09.21"]
[Round "3"]
[White "Sengbusch, Gerhard"]
[Black "Krueger, Dietrich"]
[Result "1-0"]
[WhiteElo "1325"]
[BlackElo "957"]
[PlyCount "81"]
[EventDate "2017.09.07"]
[EventType "swiss"]
[EventRounds "7"]
[EventCountry "GER"]
[SourceTitle "EXT 2019"]
[Source "ChessBase"]
[SourceDate "2018.10.10"]
[SourceVersion "1"]
[SourceVersionDate "2018.10.10"]
[SourceQuality "1"]

1. e4 Nc6 2. Nc3 a6 3. Nf3 e5 4. a3 Bc5 5. Bc4 d6 6. h3 Nge7 7. d3 0-0 8. 0-0 Be6 9. Ba2 b5 10. b4 Bd4 11. Nxd4 Nxd4 12. Be3 c5 13. Bxd4 cxd4 14. Ne2 d5 15. f3 f5 16. exd5 Bxd5 17. Bxd5+ Nxd5 18. Rc1 Qg5 19. Rf2 Nf4 20. Nxf4 Qxf4 21. Qd2 Qg3 22. Re1 Rac8 23. Ra1 Rc3 24. Ra2 e4 25. fxe4 f4 26. Rf3 Qh4 27. Qf2 g5 28. Qxd4 Rc7 29. Qf2 Qh5 30. d4 Rcf7 31. e5 g4 32. hxg4 Qxg4 33. c3 h5 34. Re2 h4 35. d5 h3 36. e6 Rh7 37. e7 Re8 38. Rxf4 Qg5 39. Rf8+ Kg7 40. Qf7+ Kh6 41. Re6+ 1-0

[Event "Pinneberg-ch"]
[Site "Pinneberg"]
[Date "2016.09.15"]
[Round "3"]
[White "Sengbusch, Gerhard"]
[Black "Krueger, Dietrich"]
[Result "1-0"]
[WhiteElo "1282"]
[BlackElo "1009"]
[PlyCount "87"]
[EventDate "2016.09.01"]
[EventType "swiss"]
[EventRounds "7"]
[EventCountry "GER"]
[SourceTitle "EXT 2018"]
[Source "ChessBase"]
[SourceDate "2017.10.13"]
[SourceVersion "1"]
[SourceVersionDate "2017.10.13"]
[SourceQuality "1"]

1. e4 e5 2. Nc3 Bc5 3. Nf3 d6 4. h3 a6 5. Bc4 Be6 6. Bxe6 fxe6 7. d3 Nd7 8. a3 Qe7 9. Qe2 0-0-0 10. Be3 Nb6 11. 0-0-0 d5 12. exd5 exd5 13. Bxc5 Qxc5 14. Rhf1 d4 15. Nb1 Re8 16. Qe4 Nf6 17. Qe2 Re7 18. Rfe1 Rhe8 19. Ng5 Nbd7 20. Ne4 Qb6 21. Nbd2 Nc5 22. Nc4 Qe6 23. Nxc5 Qd5 24. Ne4 b5 25. Ncd2 c5 26. Nxf6 gxf6 27. Ne4 Rf8 28. f3 b4 29. axb4 cxb4 30. b3 Rc7 31. Kd2 f5 32. Nf2 Re8 33. Rc1 Rg7 34. Nd1 Rg3 35. Qf2 f4 36. Re4 Kd7 37. Nb2 Reg8 38. Rg1 Qe6 39. Nc4 Qg6 40. Nxe5+ Kd6 41. Nxg6 R8xg6 42. Qxd4+ Kc6 43. Qc4+ Kb6 44. Re6+ 1-0

[Event "Pinneberg-ch"]
[Site "Pinneberg"]
[Date "2016.09.08"]
[Round "2"]
[White "Meyer, Winfried"]
[Black "Sengbusch, Gerhard"]
[Result "1-0"]
[WhiteElo "1516"]
[BlackElo "1282"]
[PlyCount "29"]
[EventDate "2016.09.01"]
[EventType "swiss"]
[EventRounds "7"]
[EventCountry "GER"]
[SourceTitle "EXT 2018"]
[Source "ChessBase"]
[SourceDate "2017.10.13"]
[SourceVersion "1"]
[SourceVersionDate "2017.10.13"]
[SourceQuality "1"]

1. e4 e5 2. Nf3 Nc6 3. Bb5 Nge7 4. 0-0 d6 5. d4 Bd7 6. c3 a6 7. Ba4 Nb8 8. dxe5 b5 9. Bb3 Bc6 10. Ng5 d5 11. Qf3 f6 12. exf6 h6 13. f7+ Kd7 14. Qg4+ Kd6 15. Qe6+ 1-0

[Event "Pinneberg-ch"]
[Site "Pinneberg"]
[Date "2016.09.01"]
[Round "1"]
[White "Sengbusch, Gerhard"]
[Black "Nguyen, Duy Anh"]
[Result "0-1"]
[WhiteElo "1282"]
[BlackElo "1710"]
[PlyCount "52"]
[EventDate "2016.09.01"]
[EventType "swiss"]
[EventRounds "7"]
[EventCountry "GER"]
[SourceTitle "EXT 2018"]
[Source "ChessBase"]
[SourceDate "2017.10.13"]
[SourceVersion "1"]
[SourceVersionDate "2017.10.13"]
[SourceQuality "1"]

1. e4 d5 2. exd5 Nf6 3. Nc3 Nxd5 4. Nxd5 Qxd5 5. Nf3 Bf5 6. d3 Nc6 7. a3 e5 8. Be3 0-0-0 9. Be2 Be7 10. 0-0 e4 11. Ng5 Bxg5 12. Bxg5 f6 13. Be3 exd3 14. Bf3 Be4 15. Bxe4 Qxe4 16. c3 h5 17. Re1 Qd5 18. Bd2 Ne5 19. Bf4 Nc4 20. Qb3 g5 21. Be3 Nxe3 22. Qxd5 Nxd5 23. Rad1 Nf4 24. g3 Ne2+ 25. Kf1 Rhe8 26. Rd2 c5 0-1

[Event "Pinneberg-ch"]
[Site "Pinneberg"]
[Date "2015.10.01"]
[Round "6"]
[White "Fluegge, Jan"]
[Black "Sengbusch, Gerhard"]
[Result "0-1"]
[WhiteElo "750"]
[BlackElo "1284"]
[PlyCount "54"]
[EventDate "2015.08.28"]
[EventType "swiss"]
[EventRounds "7"]
[EventCountry "GER"]
[SourceTitle "EXT 2017"]
[Source "ChessBase"]
[SourceDate "2016.10.25"]
[SourceVersion "1"]
[SourceVersionDate "2016.10.25"]
[SourceQuality "1"]

1. e4 e5 2. c3 Nf6 3. d3 Nc6 4. Qb3 d6 5. Nf3 h6 6. Bg5 Rb8 7. Na3 Be6 8. Nc4 hxg5 9. 0-0-0 a6 10. a4 b5 11. axb5 axb5 12. Qc2 bxc4 13. Nxg5 Bd7 14. dxc4 Ng4 15. h4 Rxh4 16. Rxh4 Qxg5+ 17. Kb1 Qxh4 18. g3 Qh2 19. Rd2 Qh6 20. b3 Qe6 21. f3 Ne3 22. Qc1 Nxf1 23. Qxf1 Rxb3+ 24. Rb2 Rxb2+ 25. Kxb2 Na5 26. Kc2 Nxc4 27. Qb1 Na3+ 0-1

[Event "Pinneberg-ch"]
[Site "Pinneberg"]
[Date "2014.??.??"]
[Round "6"]
[White "Dangelowski, Peter"]
[Black "Sengbusch, Gerhard"]
[Result "1-0"]
[WhiteElo "1721"]
[BlackElo "1257"]
[PlyCount "69"]
[EventDate "2014.08.21"]
[EventType "swiss"]
[EventRounds "7"]
[EventCountry "GER"]
[SourceTitle "EXT 2017"]
[Source "ChessBase"]
[SourceDate "2016.10.25"]
[SourceVersion "1"]
[SourceVersionDate "2016.10.25"]
[SourceQuality "1"]

1. d4 d5 2. Bf4 Nf6 3. e3 Nc6 4. c3 Bd7 5. Bd3 e6 6. Nf3 h6 7. Nbd2 Be7 8. Ne5 Nxe5 9. dxe5 Nh7 10. Qc2 Nf8 11. c4 c6 12. a3 a6 13. b4 b5 14. c5 Bg5 15. Bg3 g6 16. Nf3 Be7 17. Nd4 Qb8 18. e4 dxe4 19. Bxe4 Qb7 20. 0-0 Nh7 21. Bxg6 fxg6 22. Qxg6+ Kf8 23. Nxe6+ Bxe6 24. Qxe6 Ng5 25. Qf5+ Ke8 26. Qg6+ Kd8 27. h4 Nh7 28. Qg7 Kd7 29. e6+ Kxe6 30. Rfe1+ Kd5 31. Rad1+ Kc4 32. Qd4+ Kb3 33. Re3+ Ka4 34. Qb2 Bf6 35. Qc2# 1-0

[Event "Pinneberg-ch"]
[Site "Pinneberg"]
[Date "2014.??.??"]
[Round "3"]
[White "Sengbusch, Gerhard"]
[Black "Buschhaus, Ralf"]
[Result "1/2-1/2"]
[WhiteElo "1257"]
[BlackElo "1265"]
[PlyCount "59"]
[EventDate "2014.08.21"]
[EventType "swiss"]
[EventRounds "7"]
[EventCountry "GER"]
[SourceTitle "EXT 2017"]
[Source "ChessBase"]
[SourceDate "2016.10.25"]
[SourceVersion "1"]
[SourceVersionDate "2016.10.25"]
[SourceQuality "1"]

1. e4 e6 2. Nf3 d5 3. exd5 exd5 4. d4 Nf6 5. Nc3 Bf5 6. Bd3 Bxd3 7. Qxd3 c6 8. 0-0 Bd6 9. Re1+ Be7 10. Bg5 Nbd7 11. Qe2 h6 12. Bxf6 Nxf6 13. h3 Qd6 14. Ne5 0-0 15. Rad1 Rae8 16. Rd3 Bd8 17. Re3 Bc7 18. a3 Re6 19. f4 Bb6 20. Qd1 Rfe8 21. Qd3 c5 22. Ne2 Ne4 23. Ng4 cxd4 24. Nxd4 Qxf4 25. Nxe6 Rxe6 26. Rf1 Bxe3+ 27. Qxe3 Qxe3+ 28. Nxe3 d4 29. Nf5 Kf8 30. Nxd4 1/2-1/2

[Event "Pinneberg-ch"]
[Site "Pinneberg"]
[Date "2009.10.01"]
[Round "6"]
[White "Sengbusch, Gerhard"]
[Black "Domeyer, Robert Thomas"]
[Result "1-0"]
[WhiteElo "1364"]
[BlackElo "997"]
[PlyCount "75"]
[EventDate "2009.08.27"]
[EventType "swiss"]
[EventRounds "7"]
[EventCountry "GER"]
[SourceTitle "EXT 2012"]
[Source "ChessBase"]
[SourceDate "2011.11.24"]
[SourceVersion "1"]
[SourceVersionDate "2011.11.24"]
[SourceQuality "1"]

1. e4 e5 2. Nf3 Nf6 3. Nc3 Nc6 4. Bc4 Nxe4 5. Bxf7+ Kxf7 6. Nxe4 d5 7. Nc3 Bc5 8. 0-0 Rf8 9. d3 Kg8 10. Bd2 Bg4 11. h3 Bh5 12. g4 Bg6 13. Bg5 Qd7 14. Bh4 Qf7 15. Nd2 Nd4 16. Bg3 Rac8 17. a3 c6 18. Ne2 Nf3+ 19. Nxf3 Qxf3 20. Kh2 d4 21. Ng1 Qxd1 22. Raxd1 e4 23. dxe4 Bxe4 24. Rd2 b5 25. Ne2 a5 26. f4 g6 27. Bf2 Rcd8 28. Kg1 Rd5 29. Ng3 Re8 30. Re1 b4 31. Rxe4 Rxe4 32. Nxe4 Kf7 33. Nxc5 Rxc5 34. Bxd4 Rd5 35. axb4 axb4 36. Be3 Rb5 37. Rd6 b3 38. Rxc6 1-0

[Event "Pinneberg-ch"]
[Site "Pinneberg"]
[Date "2008.09.11"]
[Round "3"]
[White "Kaland, Joachim"]
[Black "Sengbusch, Gerhard"]
[Result "1-0"]
[WhiteElo "1604"]
[BlackElo "1349"]
[PlyCount "27"]
[EventDate "2008.08.28"]
[EventType "swiss"]
[EventRounds "7"]
[EventCountry "GER"]
[SourceTitle "EXT 2011"]
[Source "ChessBase"]
[SourceDate "2010.11.26"]
[SourceVersion "1"]
[SourceVersionDate "2010.11.26"]
[SourceQuality "1"]

1. e4 e5 2. f4 d6 3. Nf3 Bg4 4. Bc4 Nf6 5. d3 Nc6 6. 0-0 a6 7. a3 h6 8. Nc3 Be7 9. h3 Bxf3 10. Qxf3 Nd4 11. Qf2 c6 12. Kh1 Nd7 13. fxe5 d5 14. Qxf7# 1-0

[Event "Pinneberg-ch"]
[Site "Pinneberg"]
[Date "2008.08.28"]
[Round "1"]
[White "Frank, Detlev"]
[Black "Sengbusch, Gerhard"]
[Result "1/2-1/2"]
[WhiteElo "1837"]
[BlackElo "1349"]
[PlyCount "113"]
[EventDate "2008.08.28"]
[EventType "swiss"]
[EventRounds "7"]
[EventCountry "GER"]
[SourceTitle "EXT 2011"]
[Source "ChessBase"]
[SourceDate "2010.11.26"]
[SourceVersion "1"]
[SourceVersionDate "2010.11.26"]
[SourceQuality "1"]

1. a3 e5 2. b4 d6 3. Bb2 a6 4. e4 Nc6 5. Nf3 Nf6 6. d3 Be7 7. Nbd2 Be6 8. Be2 0-0 9. 0-0 h6 10. c3 Nh7 11. d4 Bg4 12. d5 Na7 13. c4 Bxf3 14. Nxf3 Ng5 15. Nd2 f6 16. f4 Nh7 17. Bg4 c6 18. Be6+ Kh8 19. Nf3 exf4 20. Nh4 Qe8 21. Qg4 Ng5 22. Qf5 Nxe6 23. Ng6+ Kg8 24. dxe6 Nc8 25. Nxf8 Bxf8 26. Rxf4 Ne7 27. Qh3 Ng6 28. Rg4 Ne5 29. Rg3 Qe7 30. Rf1 Kh8 31. Bxe5 dxe5 32. Rd1 Rd8 33. Rxd8 Qxd8 34. Rd3 Qe8 35. Rd7 b5 36. cxb5 axb5 37. Rc7 Be7 38. Qd3 Bd8 39. Rc8 Bb6+ 40. Kf1 Qxc8 41. Qd6 Qe8 42. e7 Kg8 43. Qe6+ Kh7 44. g4 Bc7 45. h4 Kh8 46. Ke2 Bb6 47. Kd3 Bd8 48. exd8Q Qxd8+ 49. Ke2 Qa8 50. g5 fxg5 51. hxg5 hxg5 52. Qxe5 Qxa3 53. Qxg5 Qxb4 54. Qh5+ Kg8 55. Qe8+ Kh7 56. Qh5+ Kg8 57. Qe8+ 1/2-1/2

[Event "Pinneberg-ch"]
[Site "Pinneberg"]
[Date "2007.09.13"]
[Round "3"]
[White "Himmelstaub, Werner"]
[Black "Sengbusch, Gerhard"]
[Result "1-0"]
[WhiteElo "1582"]
[BlackElo "1317"]
[PlyCount "76"]
[EventDate "2007.08.30"]
[EventType "swiss"]
[EventRounds "7"]
[EventCountry "GER"]
[SourceTitle "CBM 120 Extra"]
[Source "ChessBase"]
[SourceDate "2007.11.01"]
[SourceVersion "1"]
[SourceVersionDate "2007.11.01"]
[SourceQuality "1"]

1. e4 e5 2. Nf3 Nc6 3. Bc4 h6 4. c3 Qe7 5. 0-0 a6 6. a4 d6 7. h3 Nf6 8. Re1 Be6 9. Bf1 Qd8 10. d4 Bd7 11. d5 Ne7 12. Be3 Nxe4 13. Qb3 Qc8 14. Qc4 Nf6 15. Nbd2 Nexd5 16. Ne4 Be6 17. Qd3 Nxe4 18. Qxe4 Nf6 19. Qc2 Be7 20. Rad1 0-0 21. Qd2 Rd8 22. Qe2 Bb3 23. Ra1 Qd7 24. a5 Bd5 25. Nd2 Bc6 26. c4 Ne4 27. Nb3 Bg5 28. Bxg5 Nxg5 29. f3 Ne6 30. Rad1 Ba4 31. Qd3 Bxb3 32. Qxb3 Qc6 33. Bd3 Rab8 34. Qc3 Nc5 35. Bc2 b6 36. b4 Ne6 37. Be4 Qe8 38. Bd5 Nd4 1-0

[Event "Pinneberg-ch"]
[Site "Pinneberg"]
[Date "2007.09.06"]
[Round "2"]
[White "Sengbusch, Gerhard"]
[Black "Cassens, Erhard Otto"]
[Result "0-1"]
[WhiteElo "1317"]
[BlackElo "1734"]
[PlyCount "62"]
[EventDate "2007.08.30"]
[EventType "swiss"]
[EventRounds "7"]
[EventCountry "GER"]
[SourceTitle "CBM 120 Extra"]
[Source "ChessBase"]
[SourceDate "2007.11.01"]
[SourceVersion "1"]
[SourceVersionDate "2007.11.01"]
[SourceQuality "1"]

1. e4 e6 2. Nf3 d5 3. exd5 exd5 4. d4 Bd6 5. h3 Ne7 6. Be2 Bf5 7. 0-0 Nbc6 8. a3 Qd7 9. Re1 0-0-0 10. Nc3 a6 11. Bd3 f6 12. Bxf5 Qxf5 13. Nh4 Qd7 14. Qd3 g5 15. Nf3 g4 16. hxg4 Qxg4 17. Be3 Rhg8 18. Kf1 Nf5 19. Nxd5 Qxg2+ 20. Ke2 Ng3+ 21. Kd2 Qxf3 22. fxg3 Qxd5 23. Rg1 Bxg3 24. c4 Qd7 25. d5 Ne5 26. Qc3 Nf3+ 27. Kc2 Qf5+ 28. Kb3 Nxg1 29. Rxg1 Be5 30. Qe1 Qd3+ 31. Ka2 Qxc4+ 0-1

[Event "Pinneberg-ch"]
[Site "Pinneberg"]
[Date "2006.09.28"]
[Round "7.35"]
[White "Sengbusch, Gerhard"]
[Black "Buechel, Helmut"]
[Result "1-0"]
[WhiteElo "1310"]
[BlackElo "1709"]
[PlyCount "33"]
[EventDate "2006.08.22"]
[EventType "swiss"]
[EventRounds "7"]
[EventCountry "GER"]
[SourceTitle "EXT 2007"]
[Source "ChessBase"]
[SourceDate "2006.11.23"]
[SourceVersion "1"]
[SourceVersionDate "2006.11.23"]
[SourceQuality "1"]

1. e4 e6 2. Nf3 d5 3. exd5 exd5 4. d4 Bd6 5. h3 Ne7 6. Nc3 c6 7. Bd3 Bf5 8. 0-0 0-0 9. Re1 Nd7 10. Bg5 f6 11. Bc1 Bg6 12. Nh4 Bxd3 13. Qxd3 Rc8 14. Bd2 c5 15. dxc5 Ne5 16. cxd6 Nxd3 17. dxe7 1-0

[Event "Pinneberg-ch"]
[Site "Pinneberg"]
[Date "2006.08.22"]
[Round "1.38"]
[White "Sengbusch, Gerhard"]
[Black "Lehmkuhl, Stefan"]
[Result "0-1"]
[WhiteElo "1310"]
[BlackElo "2024"]
[PlyCount "70"]
[EventDate "2006.08.22"]
[EventType "swiss"]
[EventRounds "7"]
[EventCountry "GER"]
[SourceTitle "EXT 2007"]
[Source "ChessBase"]
[SourceDate "2006.11.23"]
[SourceVersion "1"]
[SourceVersionDate "2006.11.23"]
[SourceQuality "1"]

1. e4 c5 2. Nc3 d6 3. Bc4 a6 4. a3 e6 5. d3 Be7 6. Nf3 Nc6 7. h3 b5 8. Ba2 Bb7 9. Bf4 Bf6 10. Qd2 h6 11. Ke2 Nge7 12. Bb3 Ng6 13. Bg3 h5 14. h4 Qe7 15. Kd1 Rd8 16. Re1 Nxh4 17. Bxh4 Bxh4 18. Qf4 Bf6 19. Nd5 exd5 20. exd5 Ne5 21. d4 cxd4 22. Nxd4 Qd7 23. c3 Qg4+ 24. Qxg4 hxg4 25. f3 Kf8 26. Kd2 Rh2 27. Re2 gxf3 28. gxf3 Rxe2+ 29. Kxe2 Nc4 30. Bxc4 bxc4 31. Nf5 Bxd5 32. Rh1 g6 33. Nd4 Bxd4 34. cxd4 Ke7 35. Kf2 Rb8 0-1

[Event "Pinneberg-ch"]
[Site "Pinneberg"]
[Date "2005.09.22"]
[Round "7"]
[White "Marx, Alexander"]
[Black "Sengbusch, Gerhard"]
[Result "1-0"]
[WhiteElo "1592"]
[BlackElo "1341"]
[PlyCount "59"]
[EventDate "2005.08.11"]
[EventType "swiss"]
[EventRounds "7"]
[EventCountry "GER"]
[SourceTitle "EXT 2006"]
[Source "ChessBase"]
[SourceDate "2005.11.24"]
[SourceVersion "1"]
[SourceVersionDate "2005.11.24"]
[SourceQuality "1"]

1. d4 d5 2. c4 dxc4 3. e4 Nc6 4. Nf3 Bg4 5. Bxc4 Bxf3 6. Qxf3 e6 7. Be3 Bb4+ 8. Nc3 Nxd4 9. Qd1 e5 10. Bxd4 exd4 11. Qa4+ c6 12. Qxb4 dxc3 13. Qxc3 Nf6 14. 0-0 0-0 15. Rfe1 Qb6 16. Re2 Rad8 17. Bb3 Rfe8 18. Bc2 Rd4 19. Rae1 Rb4 20. b3 Qd4 21. Qh3 Qe5 22. a3 Rd4 23. f4 Qxf4 24. e5 Ng4 25. Qxh7+ Kf8 26. e6 fxe6 27. Rf1 e5 28. Rxf4+ Rxf4 29. Qh8+ Kf7 30. Bg6+ 1-0

[Event "Pinneberg-ch"]
[Site "Pinneberg"]
[Date "2005.09.15"]
[Round "6"]
[White "Holzweissig, Hans Joachim"]
[Black "Sengbusch, Gerhard"]
[Result "1-0"]
[WhiteElo "1732"]
[BlackElo "1341"]
[PlyCount "75"]
[EventDate "2005.08.11"]
[EventType "swiss"]
[EventRounds "7"]
[EventCountry "GER"]
[SourceTitle "EXT 2006"]
[Source "ChessBase"]
[SourceDate "2005.11.24"]
[SourceVersion "1"]
[SourceVersionDate "2005.11.24"]
[SourceQuality "1"]

1. Nc3 Nf6 2. Nf3 Nc6 3. d4 d5 4. e3 a6 5. a3 Bf5 6. Be2 e6 7. Nh4 Bg6 8. Nxg6 hxg6 9. Bd3 Bd6 10. h3 Qe7 11. Bd2 Qf8 12. Qf3 0-0-0 13. Qd1 Rh5 14. Be2 Rh8 15. Bf3 Qg8 16. b4 Kd7 17. b5 Ne7 18. bxa6 bxa6 19. Qe2 Ra8 20. Na4 Qb8 21. 0-0 Nc6 22. Rfb1 Qf8 23. c4 Qg8 24. c5 Be7 25. Rb2 Qh7 26. Rab1 g5 27. Rb7 g4 28. Nb6+ Ke8 29. Nxa8 gxf3 30. Qxf3 Ne4 31. Qe2 Nxd2 32. Qxd2 Bd8 33. R1b2 g5 34. Nxc7+ Kf8 35. Nxe6+ Ke8 36. Nxd8 Kxd8 37. Qc2 Qg7 38. Qf5 1-0

[Event "Pinneberg-ch"]
[Site "Pinneberg"]
[Date "2005.09.01"]
[Round "4"]
[White "Hadlich, Winfried"]
[Black "Sengbusch, Gerhard"]
[Result "1-0"]
[WhiteElo "1851"]
[BlackElo "1341"]
[PlyCount "91"]
[EventDate "2005.08.11"]
[EventType "swiss"]
[EventRounds "7"]
[EventCountry "GER"]
[SourceTitle "EXT 2006"]
[Source "ChessBase"]
[SourceDate "2005.11.24"]
[SourceVersion "1"]
[SourceVersionDate "2005.11.24"]
[SourceQuality "1"]

1. c4 e5 2. Nc3 Nf6 3. g3 Bc5 4. d3 Nc6 5. Bg2 Nd4 6. Bd2 h6 7. Na4 Be7 8. b4 d6 9. h3 Rb8 10. e3 Ne6 11. Nc3 Bd7 12. Nf3 a6 13. a4 c6 14. 0-0 0-0 15. Qc2 Qc8 16. d4 Qc7 17. c5 b5 18. dxe5 dxe5 19. axb5 axb5 20. Bc1 Nd5 21. Nxd5 cxd5 22. Bb2 Bf6 23. Rfd1 Bc6 24. Nh4 Bxh4 25. gxh4 e4 26. Qe2 f5 27. f4 Ra8 28. Be5 Qf7 29. Kh2 Ra4 30. Rxa4 bxa4 31. b5 Be8 32. c6 Qa7 33. Kg3 a3 34. Kf2 Nc5 35. Qa2 Nd3+ 36. Rxd3 exd3 37. Bxd5+ Bf7 38. Bxf7+ Qxf7 39. Qxf7+ Kxf7 40. c7 a2 41. b6 Rc8 42. b7 Rxc7 43. b8Q Rc2+ 44. Kf3 Rc1 45. Qb3+ Kf8 46. Qa3+ 1-0

[Event "Pinneberg-ch"]
[Site "Pinneberg"]
[Date "2004.08.26"]
[Round "3"]
[White "Luettig, Hendrik"]
[Black "Sengbusch, Gerhard"]
[Result "1/2-1/2"]
[WhiteElo "1562"]
[BlackElo "1358"]
[PlyCount "73"]
[EventDate "2004.08.12"]
[EventType "swiss"]
[EventRounds "7"]
[EventCountry "GER"]
[SourceTitle "EXT 2005"]
[Source "ChessBase"]
[SourceDate "2004.11.15"]
[SourceVersion "1"]
[SourceVersionDate "2004.11.15"]
[SourceQuality "1"]

1. b4 d6 2. Bb2 e5 3. e4 Nf6 4. Nc3 a6 5. a3 Bd7 6. Nf3 Bg4 7. Be2 Nc6 8. d3 Be7 9. Nd2 Bxe2 10. Nxe2 Qd7 11. c4 h6 12. 0-0 g5 13. b5 Nb8 14. a4 c5 15. Ng3 Kf8 16. Nh5 Qg4 17. Nxf6 Qxd1 18. Rfxd1 Bxf6 19. Nb3 a5 20. Nc1 Nd7 21. Ne2 Nb6 22. Ng3 Be7 23. Nh5 Nd7 24. Re1 Nf6 25. Nxf6 Bxf6 26. g4 b6 27. Kg2 Ke7 28. h3 Rag8 29. f3 Rg6 30. Rh1 Rgg8 31. Bc3 Rc8 32. Rab1 Ra8 33. Rh2 Ke6 34. Rbh1 Ke7 35. Be1 Bg7 36. h4 f6 37. h5 1/2-1/2